000
00315nam a2200109Ia 4500
008
200302s9999 xx 000 0 und d
100
_a
Peter Sulzer
245
_a
Jean prouve Oeure complete /complete works volume 1 :1917-1933
260
_b
Birkhauser Publishers for Architecture
260
_c
1999
300
_a
239 P.,
999
_c
2900
_d
2900